| 000 | 00700nam a2200253 a 4500 | ||
|---|---|---|---|
| 001 | BRCA_5220 | ||
| 005 | 20190320205005.0 | ||
| 008 | 261110s1917----gw-a######---#000-0#ger-# | ||
| 041 | _ager | ||
| 044 | _agw | ||
| 050 | 4 |
_aND653.R8 _b.V47 1917 |
|
| 100 | 1 |
_aVerhaeren, Émile _913368 |
|
| 245 | 1 | 0 |
_aRubens _cÉmile Verhaeren ; übertragung von Stefan Zweig. |
| 250 | _a2 | ||
| 260 |
_aLeipzig, Alemania _bInsel _c1917 |
||
| 300 |
_a84 p. _bil., 95 láminas _c22 cm. |
||
| 500 | _aIncluye índice de ilustraciones | ||
| 500 | _aE54 | ||
| 600 | 1 | 4 |
_aRubens, Peter Paul _d1577-1640 _95125 |
| 650 | 1 | 4 |
_aPintores alemanes _9797 |
| 700 | 1 |
_aZweig, Stefan _913369 |
|
| 902 | _aGFM | ||
| 942 |
_2lcc _cB |
||
| 999 |
_c4914 _d4914 |
||